| 000 | 01071nam a22002537a 4500 | ||
|---|---|---|---|
| 003 | OSt | ||
| 005 | 20260120044427.0 | ||
| 008 | 260120b |||||||| |||| 00| 0 eng d | ||
| 020 | _a0-87318-203-0. | ||
| 040 |
_aDWC-Main lib. _cOC |
||
| 082 | _aCirc. 616.89 C227 1993 | ||
| 110 | _aCommittee on Handicaps, Group for the Advancement of Psychiatry | ||
| 245 |
_aCaring for the people with physical impairment : _bthe journey back/ _cCommittee on Handicaps, Group for the Advancement of Psychiatry |
||
| 260 |
_aWashington, D. C. : _bAmerican Psychiatric Press, Inc., _cc1993. |
||
| 300 |
_axiii, 178 p. ; _c23 cm. |
||
| 490 | _aReport (Group for the Advancement of Psychiatry : 1984) ; no. 135. | ||
| 504 | _aIncludes bibliographical references and index. | ||
| 650 | _a1. Caregivers-Mental health. | ||
| 650 | _a2. Medical personnel and patient. | ||
| 650 | _a3. Physically handicapped-Mental health. | ||
| 650 | _a4. Physically handicapped-Rehabilitation-Psychological aspects. | ||
| 650 | _a5. Therapist and patient. | ||
| 942 |
_2ddc _cBK-CIRC _hCirc. _n0 |
||
| 999 |
_c7583 _d7583 |
||